000 00580nam a2200229Ia 4500
003 OSt
005 20220924144658.0
006 a|||||r|||| 00| 0
007 ta
008 220923b |||||||| |||| 00| 0 hin d
024 _a317034
037 _cTextual
040 _aARTS
_cARTS
_bhin
041 _2hin
_ahin
082 _aO168,1:gxM37,1, F0
100 _aAli Shaikh Mubarak
_9218151
245 0 _aSher-o-shairi
260 _c1920
650 _aURDU POETRY
942 _hO168,1:gxM37,1, F0
_cTEXL
_2CC
999 _c457867
_d457867